Botanical exploration in Venezuela - III (Registro nro. 12266)

Detalles MARC
000 -CABECERA
Campo de control 006300000a22002290004500
090 ## - CLASIFICACIÓN LOCAL
Colección AR
Consecutivo 03211
041 0# - IDIOMA
Código de idioma para texto/pista de sonido o título separado
245 10 - MENCION DE TITULO
Título Botanical exploration in Venezuela - III
650 14 - ASIENTO SECUNDARIO DE MATERIA - TERMINO TEMATICO
Término temático o nombre geográfico como elemento de entrada Vegetación
650 14 - ASIENTO SECUNDARIO DE MATERIA - TERMINO TEMATICO
Término temático o nombre geográfico como elemento de entrada Botánica
650 14 - ASIENTO SECUNDARIO DE MATERIA - TERMINO TEMATICO
Término temático o nombre geográfico como elemento de entrada Nuevas especies
650 14 - ASIENTO SECUNDARIO DE MATERIA - TERMINO TEMATICO
Término temático o nombre geográfico como elemento de entrada Taxonomía vegetal
650 14 - ASIENTO SECUNDARIO DE MATERIA - TERMINO TEMATICO
Término temático o nombre geográfico como elemento de entrada Hábitat
650 14 - ASIENTO SECUNDARIO DE MATERIA - TERMINO TEMATICO
Término temático o nombre geográfico como elemento de entrada Morfología vegetal
650 14 - ASIENTO SECUNDARIO DE MATERIA - TERMINO TEMATICO
Término temático o nombre geográfico como elemento de entrada Distribución geográfica
651 #4 - ASIENTO SECUNDARIO DE MATERIA - NOMBRE GEOGRAFICO
-- Venezuela
653 ## - TERMINO DE INDIZACION - NO CONTROLADO
-- Alloplectus
653 ## - TERMINO DE INDIZACION - NO CONTROLADO
-- Besleria
653 ## - TERMINO DE INDIZACION - NO CONTROLADO
-- Columnea
773 1# - Item fuente:
Título Fieldiana Botany
Especificación de materiales 1392
Descripción física 2
Paginas del Articulo 521-535
Lugar, editorial y fecha de publicación 1952
Información sobre la relación 28
942 ## - ELEMENTOS ADICIONALES (KOHA)
Tipo de ítem Artículo
Existencias
Withdrawn status Lost status Damaged status No para préstamo Colección Ubicación Permanente Ubicación actual Fecha de adquisición Fuente de Valor Datos de publicación Seriada Total Checkouts Número topográfico Inventario / Código de Barras Date last seen Ejemplar Price effective from Forma de adquisición Tipo de material
      No para Préstamo Hemeroteca Bogotá Bogotá 27/02/2015 Prieto, Adriana Fuera de circulación   AR 03211 013613 25/03/2015 2 25/03/2015   Artículo
      No para Préstamo Hemeroteca Bogotá Bogotá 27/02/2015 Prieto, Adriana Fuera de circulación   AR 03211 013909 25/03/2015 1 25/03/2015   Artículo